Terribly Drawn NFL Logos - Statistics

General Stats
  • This quiz has been taken 43 times
  • The average score is 28 of 32
Answer Stats
Picture Answer % Correct
Baltimore Ravens
97%
Miami Dolphins
97%
Minnesota Vikings
97%
New York Jets
97%
Cincinnati Bengals
95%
Dallas Cowboys
95%
Jacksonville Jaguars
95%
Kansas City Chiefs
95%
Las Vegas Raiders
95%
Pittsburgh Steelers
95%
San Francisco 49ers
95%
Tennessee Titans
95%
Arizona Cardinals
92%
Chicago Bears
92%
Cleveland Browns
92%
New York Giants
92%
Los Angeles Rams
90%
Washington Commanders
90%
Green Bay Packers
87%
New England Patriots
87%
Seattle Seahawks
87%
Tampa Bay Buccaneers
87%
Atlanta Falcons
85%
Buffalo Bills
85%
Detroit Lions
85%
Denver Broncos
77%
Houston Texans
77%
Los Angeles Chargers
74%
Philadelphia Eagles
74%
Carolina Panthers
64%
Indianapolis Colts
64%
New Orleans Saints
59%
No matching quizzes found
Score Distribution
Percent of People with Each Score
Percentile by Number Answered
Your Score History
You have not taken this quiz